000 01130nam a22003377a 4500
001 0011767
003 DO-SdBPM
005 20260306105232.0
007 ta
008 161115b2009 mx a ||||| |||| 00| 0 spa d
020 _a9786071101112
040 _aDO-SdBPM
_bspa
_cBPMSU
_erda
082 0 4 _a823.91
_bA285g 2009
_222
100 1 _aAhlberg, Allan
_4aut.
_eautor
245 1 3 _aEl gato que desapareció misteriosamente /
_cAllan Ahlberg ; ilustración Katharine McEwen ; traducción Carlos Abio, Mercedes Villegas
260 _a
264 _aMéxico :
_bAlfaguara,
_c2009.
300 1 _a79 páginas :
_bil.ustraciones ;
_c20 cm.
336 _atexto
_btxt
_2rdacontent
337 _asin mediación
_bn
_2rdamedia
338 _avolumen
_bnc
_2rdacarrier
490 0 _aAlfaguara Infantil
590 _aInventariado, 2026/VM
650 7 _aCuentos infantiles ingleses.
650 7 _aLiteratura infantil inglesa
700 1 _aMcEwen, Katharine,
_eilustraciones
700 1 _aAbio, Carlos,
_4traductor
700 1 _aVillegas, Mercedes,
_etraductor
910 _aVMateo V. Control de calidad BPMSU
942 _2ddc
_cBK
999 _c11958
_d11958